000 00806nam a2200253 a 4500
008
020 _a019855558X (v. 1) (cased.)
049 _aMAIN
090 _aQD921
_bELE
245 0 0 _aElectron diffraction techniques /
_cedited by John M. Cowley.
260 _aOxford :
_bOxford University Press,
_c1992.
300 _a1 v. :
_bill. ;
_c25 cm.
440 0 _aInternational Union of Crystallography monographs on crystallography ;
_v3-4.
504 _aIncludes bibliographical references.
500 _aIncludes index.
650 0 _aCrystallography.
650 0 _aElectrons
_xDiffraction.
700 1 _aCowley, John M.
907 _a.b10003678
_b18-09-12
_c17-04-03
003
005 20230123133113.0
040 _cNUST
942 _cBOOKS
_kQD921
_mELE
999 _c142786
_d142786